The naked years : growing up in Nazi Germany /

Bibliographic Details
Main Author: Mackinnon, Marianne
Format: Book
Language:English
Published: London : Chatto & Windus, 1987.
Subjects:

MARC

Tag First Indicator Second Indicator Subfields
LEADER 00000cam a2200000 a 4500
001 in00000033113
005 20151007055125.0
008 870917s1987 enkacf 00010aeng d
010 |a  87673594  
020 |a 0701132094 :  |c £12.95 
035 |a (OCoLC)16804669 
035 |9 AAB7326AM 
040 |a MH  |c HLS  |d TXA  |d UtOrBLW 
043 |a e-gx--- 
049 |a TXAM  |c [A11110823] 
050 4 |a D811.5  |b .M189 1987 
100 1 |a Mackinnon, Marianne. 
245 1 4 |a The naked years :  |b growing up in Nazi Germany /  |c Marianne Mackinnon. 
264 1 |a London :  |b Chatto & Windus,  |c 1987. 
300 |a vii, 304 pages, 8 unnumbered pages of plates :  |b illustrations, portraits ;  |c 23 cm. 
336 |a text  |b txt  |2 rdacontent 
337 |a unmediated  |b n  |2 rdamedia 
338 |a volume  |b nc  |2 rdacarrier 
600 1 0 |a Mackinnon, Marianne. 
650 0 |a World War, 1939-1945  |v Personal narratives, German. 
651 0 |a Germany  |v Biography. 
651 0 |a Germany  |x Social life and customs  |y 20th century. 
999 |a MARS 
999 f f |s 080c446c-a45d-31ee-9043-0f493b8e6a0c  |i 8614aa78-f049-3680-bbfa-0d7ac32f6218  |t 0 
952 f f |p normal  |a Texas A&M University  |b College Station  |c Sterling C. Evans Library  |d Evans: Library Stacks  |t 0  |e D811.5 .M189 1987  |h Library of Congress classification  |i unmediated -- volume  |m A14811110823 
998 f f |a D811.5 .M189 1987  |t 0  |l Evans: Library Stacks